000 00551nam a22001697a 4500
005 20251105170152.0
008 251105b |||||||| |||| 00| 0 eng d
020 _a9780136025818
050 _aT58.6
_b.L375
100 _aLaudon, Kenneth C.
245 _aEssentials of Management Information Systems
_cKenneth C. Laudon & Jane P. Laudon
250 _a8th ed.
260 _aUpper Saddle River, New Jersey
_bPearson Prentice Hall
_c2009
300 _axxiii. various paging
_bill. color
_c28cm
700 _aLaudon, Jane P.
942 _2lcc
_cBK
_e8th ed.
_n0
999 _c8091
_d8091